Central Library OPAC University of Rajshahi

Speeches and writings of Mr. Jinnah / (Record no. 26959)

MARC details
000 -LEADER
fixed length control field 00796cam a22002651 4500
001 - CONTROL NUMBER
control field 26959
003 - CONTROL NUMBER IDENTIFIER
rucl marc code BD-RjUL
005 - DATE AND TIME OF LATEST TRANSACTION
control field 20211209051107.0
008 - FIXED-LENGTH DATA ELEMENTS--GENERAL INFORMATION
fixed length control field 140324s1960 pk 000 0 eng
035 ## - SYSTEM CONTROL NUMBER
System control number (BD-RjUL)27030
System control number (OCoLC)5242104
040 ## - CATALOGING SOURCE
Original cataloging agency DLC
Transcribing agency NOsU
Modifying agency DLC
-- BD-RjUL
Language of cataloging eng
041 ## - LANGUAGE CODE
Language code of text/sound track or separate title eng
082 ## - DEWEY DECIMAL CLASSIFICATION NUMBER
Classification number 954.7
Author mark and year JIS 1960
100 1# - MAIN ENTRY--PERSONAL NAME
Personal name Jinnah, Mahomed Ali,
Dates associated with a name 1876-1948.
9 (RLIN) 2879
245 10 - TITLE STATEMENT
Title Speeches and writings of Mr. Jinnah /
Statement of responsibility, etc. Collected and edited by Jamil-ud-Din Ahmad.
250 ## - EDITION STATEMENT
Edition statement 6th ed.
260 ## - PUBLICATION, DISTRIBUTION, ETC. (IMPRINT)
Place of publication, distribution, etc. Lahore :
Name of publisher, distributor, etc. Shaikh Muhammad Ashraf,
Date of publication, distribution, etc. 1960.
300 ## - PHYSICAL DESCRIPTION
Pagination xxxv, 586 p. ;
Size 19 cm.
651 ## - SUBJECT ADDED ENTRY--GEOGRAPHIC NAME
Geographic name Pakistan
General subdivision Politics and government
9 (RLIN) 82853
700 1# - ADDED ENTRY--PERSONAL NAME
Personal name Ahmad, Jamil-ud-Din,
Relator term ed.
942 ## - ADDED ENTRY ELEMENTS (KOHA)
Source of classification or shelving scheme Dewey Decimal Classification
Koha item type Books
Holdings
Lost status Source of classification or shelving scheme Damaged status Not for loan Collection code Permanent Location Current Location Shelving location Date acquired Source of acquisition Cost, normal purchase price Total Checkouts Full call number Date last seen Copy number Koha item type
  Dewey Decimal Classification     Non-fiction Central Library, University of Rajshahi Central Library, University of Rajshahi   04/12/1967 Ideal Lib. 8.00   954.7 JIS 1960 24/03/2014 C-4 Books
  Dewey Decimal Classification   Not For Loan Non-fiction Central Library, University of Rajshahi Central Library, University of Rajshahi Reading Room 11/12/1967 Ideal Lib. 8.00   954.7 JIS 1960 26/02/2017 C-1 Books